000
00341 a2200157 4500
001
176086
020
_a
040
_c
Magnum
100
_a
Zambelli, Silvana
240
1
0
_a
Aprendendo a escrever/v.4
_l
por
245
1
0
_a
Aprendendo a escrever/v.4
362
0
_a
1899
440
1
_a
Ática
697
_a
MAGNITO: PARADIDATICO
942
_c
BK
999
_c
176086
_d
176086